Perspektíva komunálneho financovania
Komunálne financovanie - súčasť verejných financií. Vznik samospráv ako nástupcov bývalých národných výborov. Hospodárenie samospráv. Komunálny dlh vo svete. Emisia komunálnych dlhopisov. Možnosti komunálneho financovania na Slovensku.
Salvato in:
| Autore principale: | |
|---|---|
| Natura: | Capitolo di libro |
| Lingua: | slovacco |
| Soggetti: | |
| Tags: |
Nessun Tag, puoi essere il primo ad aggiungerne!!
|
MARC
| LEADER | 00000naa a2200000 4500 | ||
|---|---|---|---|
| 001 | r023744 | ||
| 005 | 20221205085856.7 | ||
| 041 | 0 | |a slo | |
| 044 | |a SK | ||
| 245 | 1 | 0 | |a Perspektíva komunálneho financovania |c Jozef Mihalik |
| 520 | |a Komunálne financovanie - súčasť verejných financií. Vznik samospráv ako nástupcov bývalých národných výborov. Hospodárenie samospráv. Komunálny dlh vo svete. Emisia komunálnych dlhopisov. Možnosti komunálneho financovania na Slovensku. | ||
| 610 | 2 | 0 | |a financie verejné |
| 610 | 2 | 0 | |a Slovensko |
| 610 | 2 | 0 | |a samospráva |
| 610 | 2 | 0 | |a hospodárenie finančné |
| 610 | 2 | 0 | |a rozpočet miestny |
| 610 | 2 | 0 | |a programy rozvojové |
| 610 | 2 | 0 | |a dlhopisy |
| 100 | 1 | |a Mihalik, Jozef | |